000 00625nam a2200229Ia 4500
003 OSt
005 20221006164449.0
006 a|||||r|||| 00| 0
007 ta
008 221006b |||||||| |||| 00| 0 hin d
024 _a5,505
037 _cTextual
040 _aFML
_cFML
_bhin
041 _2hin
_ahin
082 _aO152,1J34,2:g, K51
100 _aViyogi Hari Au.
_9677557
245 0 _aGoswami Tulsidas Krit Vinay Patrika
260 _aVaranasi
_bPustak Sadan India
_c1965
300 _a405
_ccm.
942 _hO152,1J34,2:g, K51
_cTEXL
_2CC
999 _c1117365
_d1117365